000 00578nam a2200229Ia 4500
003 OSt
005 20220924125044.0
006 a|||||r|||| 00| 0
007 ta
008 220923b |||||||| |||| 00| 0 urd d
020 _c40.00
024 _a320069
037 _cTextual
040 _aARTS
_cARTS
_burd
041 _2urd
_aurd
082 _aP168, N5
245 0 _aUrdu masaila
260 _aPatna
_bKhuda bakhsh oriental public library India
_c1995
650 _aURDU LANGUAGE
_9154969
942 _hP168, N5
_cTEXL
_2CC
999 _c421570
_d421570